000
00212nam a2200097Ia 4500
005
20251222114357.0
008
251222s1900||||xx |||||||||||||| ||spa||
082
_a
DVD0092/S99/2005
245
0
_a
Jesús:
942
_c
DVD
999
_c
1465
_d
1465